|
|
|
|
| LEADER |
00000cam a2200000 7i4500 |
| 001 |
0000031469 |
| 005 |
20120301.0 |
| 008 |
120301 |
| 020 |
|
|
|a 9675065057
|
| 090 |
0 |
0 |
|a 005.58
|b MUR
|
| 100 |
1 |
|
|a Murugappan, Palani
|
| 245 |
1 |
0 |
|a Microsoft powerpoint 2007 :
|b a step-by-step approach
|c Palani Murugappan
|
| 260 |
|
|
|a Selangor :
|b Venton publishing ,
|c 2007
|
| 650 |
|
0 |
|a Microsoft powerpoint (computer file)
|
| 650 |
|
0 |
|a Presentation graphic
|
| 999 |
|
|
|a 0001136147
|b Book
|c Adult Collection
|e Perbadanan Perpustakaan Awam Johor
|
| 999 |
|
|
|a 0001136148
|b Book
|c Adult Collection
|e Perbadanan Perpustakaan Awam Johor
|
| 999 |
|
|
|a 0001136149
|b Book
|c Adult Collection
|e Cawangan Tmn. Ungku Tun Aminah
|
| 999 |
|
|
|a 0001136150
|b Book
|c Adult Collection
|e Cawangan Pontian
|
| 999 |
|
|
|a 0001136151
|b Book
|c Adult Collection
|e Cawangan Tangkak
|